Normal view
MARC view
- عطية،طاهر مرسي
Entry Personal Name
001 - CONTROL NUMBER
- control field: 34168
003 - CONTROL NUMBER IDENTIFIER
- control field: JO-AjAnu
005 - DATE AND TIME OF LATEST TRANSACTION
- control field: 20230606075727.0
008 - FIXED-LENGTH DATA ELEMENTS
- fixed length control field: 230606|| aca||aabn | a|a d
040 ## - CATALOGING SOURCE
- Original cataloging agency: JO-AjAnu
- Transcribing agency: JO-AjAnu
100 ## - HEADING--PERSONAL NAME
- Personal name: عطية،طاهر مرسي
670 ## - SOURCE DATA FOUND
- Source citation: Work cat.: (JO-AjAnu)17547: عطية،طاهر مرسي, author, فن التميز في ادارة علاقات العملاء=Crm cuatamen Relationahip Management